| 000 | 02882nam0a2200385 4500 | ||
|---|---|---|---|
| 001 | RU\NLR\BIBL_A\022353822 | ||
| 005 | 20260420015926.0 | ||
| 010 |
_a978-5-907884-50-2 _9500 |
||
| 021 |
_aRU _bКН-П-24-051980 _9КН-П-24-5170 |
||
| 035 | _a(NLR Aleph) 022353822 | ||
| 090 |
_a13667553 _c13667553 |
||
| 100 | _a20241016d2023 k y0rusy50 ca | ||
| 101 | 0 | _arus | |
| 102 | _aRU | ||
| 105 | _aa z 100yy | ||
| 181 | 0 |
_ai _baxxe |
|
| 182 | 0 | _an | |
| 200 | 1 |
_aАктуальные практики совершенствования государственного и муниципального управления в России и Беларуси _eсборник научных статей I международной научно-практической конференции, 19 декабря 2023 года _fАдминистрация Курской области, ГОАУ ВО Курской области "Курская академия государственной и муниципальной службы", Академия управления при Президенте Республики Беларусь _gредакционная коллегия: Ворошилова Ольга Леонидовна, к. пед. н., доцент, Боев Евгений Иванович, к. соц. н., доцент – ответственный редактор |
|
| 203 |
_aТекст _bвизуальный _cнепосредственный |
||
| 210 |
_aКурск _cУниверситетская книга _d2023 |
||
| 215 |
_a312 с. _cил., табл. _d20 |
||
| 320 | _aБиблиогр. в конце ст. | ||
| 606 | 1 |
_aГосударственное управление _jСъезды, совещания и т.п _yРоссийская Федерация _92104841 _3RU\NLR\AUTH\661272589 |
|
| 606 | 1 |
_aГосударственное управление _jСъезды, совещания и т.п _yБеларусь, Республика _92172692 _3RU\NLR\AUTH\661306876 |
|
| 686 | 1 | _aХ621я431я431 | |
| 686 | 1 | _aХ621.9(2Б)я431 | |
| 702 | 1 |
_aБоев _bЕ. И. _gЕвгений Иванович _4340 |
|
| 711 | 1 | 2 |
_a"Актуальные практики совершенствования государственного и муниципального управления в России и Беларуси", международная научно-практическая конференция _d1 _eКурск _f2023 _92645675 _3RU\NLR\AUTH\880617382 |
| 712 | 0 | 1 |
_4570 _aКурская область _bАдминистрация _9283176 _3RU\NLR\AUTH\885740 |
| 712 | 0 | 2 |
_4570 _aАкадемия управления _cМинск _9388506 _3RU\NLR\AUTH\889946464 |
| 942 | _cBOOK | ||
| 980 | _aNB | ||